000
00266nam a22001217a 4500
008
180730b xxu||||| |||| 00| 0 eng d
082
_a
813.52
245
_a
OnMusic Appreciation
_c
Hill,M.G
260
_c
2007
300
_a
2
_f
CD
760
_b
2nd
942
_2
ddc
_c
MX
999
_c
46662
_d
46662